000 00406nam a2200169Ia 4500
001 9445
003 IN-NITTTR
005 20251114233047.0
008 251113s9999||||xx |||||||||||||| ||eng||
040 _beng
040 _cIN-NITTTR
041 _aeng
082 _a621.47 B671E
100 _aBockris, J. O. M.
245 0 _aEnergy the solar-hydrogen alternative. /
_cBockris, J. O. M.
942 _2ddc
_cBK
999 _c12082
_d12082